[Event "POL-chT"]
[Site "Lubniewice"]
[Date "1995.??.??"]
[Round "8"]
[White "Kolendo, Filip"]
[Black "Spisak, Czeslaw"]
[Result "1/2-1/2"]
[WhiteElo "2225"]
[BlackElo "2335"]

1.d4 Nf6 2.c4 g6 3.Nc3 Bg7 4.e4 d6 5.Be2 O-O 6.Nf3 e5 7.O-O exd4 8.Nxd4 Re8
9.f3 Nh5 10.f4 Nf6 11.Bf3 Bg4 12.Re1 Nbd7 13.Bxg4 Nxg4 14.Nf3 c6 15.Qc2 Qb6+
16.Kf1 Bxc3 17.bxc3 Qc5 18.h3 Qxc4+ 19.Re2 Ngf6 20.Nd2 Qa6 21.g4 d5 22.e5 Nc5
23.c4 Nfd7 24.Bb2 Na4 25.Bd4 c5 26.Bf2 Nab6 27.Rd1 Rad8 28.Kg2 d4 29.Bh4 Rb8
30.Rc1 Qa3 31.Rf2 Nc8 32.Ne4 b5 33.Rf3 Qa5 34.Rb1 bxc4 35.Rxb8 Nxb8 36.Nf6+ Kf8
37.Qxc4 Nb6 38.Qe2 c4 39.Nxe8 d3 40.Rxd3 cxd3 41.Qxd3 Nd5 42.Qb3 Qd2+ 43.Kh1 Qc1+
44.Kh2 Qxf4+ 45.Kg1 Qc1+ 46.Kh2 Qd2+ 47.Kg1 Qc1+ 48.Kh2 Qf4+ 49.Kg1 Qxe5
50.Nf6 Nxf6 51.Bxf6 Qc5+ 52.Kg2 Nd7 53.Bc3 Qc6+ 54.Kh2 f6 55.Qa3+ Ke8 56.Qb3 a6
57.Qg8+ Nf8 58.Qb3 Qd6+ 59.Kg2 Ne6 60.Bxf6 Nf4+ 61.Kf3 Qxf6 62.Qb8+ Kd7 63.Qb7+  1/2-1/2

[Event "POL-chT"]
[Site "Lubniewice"]
[Date "1995.??.??"]
[Round "9"]
[White "Janocha, Wieslaw"]
[Black "Blehm, Pawel"]
[Result "1-0"]
[WhiteElo "2405"]
[BlackElo "2340"]

1.d4 Nf6 2.c4 g6 3.Nc3 Bg7 4.e4 d6 5.Be2 O-O 6.Nf3 e5 7.d5 a5 8.Bg5 h6 9.Bh4 Na6
10.Nd2 h5 11.a3 Bd7 12.Rb1 Bh6 13.f3 a4 14.Bf2 Nc5 15.Nf1 Nh7 16.Bd3 f5 17.Bc2 Qf6
18.Qe2 h4 19.h3 Rf7 20.Rd1 b6 21.Rb1 Ng5 22.Nd2 fxe4 23.Bxe4 Nb3 24.Nxb3 axb3
25.Rd1 Bf5 26.Rd3 Raf8 27.Nd1 Bxe4 28.fxe4 Qf4 29.Re3 Kg7 30.O-O Rf6 31.Re1 R8f7
32.Rxb3 Kh7 33.Rd3 Rf8 34.Rc3 R6f7 35.b4 Ra8 36.Re3 Kg7 37.Rf1 Raf8 38.Re1 Ra8
39.Kh1 Rh8 40.Bg1 Qf6 41.Nf2 Qe7 42.Ng4 Nh7 43.Rf3 Rxf3 44.Qxf3 Rf8 45.Qd3 Nf6
46.Nxf6 Qxf6 47.c5 bxc5 48.bxc5 Bf4 49.c6 Bg3 50.Ra1 g5 51.Qe2 Qf4 52.a4  1-0

[Event "Lyon op"]
[Site "Lyon"]
[Date "1995.??.??"]
[Round "1"]
[White "Ikonnikov, Vyacheslav"]
[Black "Gouby, S."]
[Result "1-0"]
[WhiteElo "2555"]
[BlackElo "1820"]

1.d4 g6 2.c4 Bg7 3.e4 d6 4.Nc3 Nf6 5.Nf3 O-O 6.Be2 e5 7.O-O exd4 8.Nxd4 Nc6
9.Nxc6 bxc6 10.Bg5 Be6 11.Rc1 Qd7 12.Qc2 Ng4 13.Rfd1 c5 14.h3 Ne5 15.Nd5 f6
16.Be3 Nc6 17.Nf4 Qe7 18.Bg4 Bxg4 19.hxg4 Qd7 20.Qa4 Qe8 21.Nd5 Rf7 22.f3 Nb4
23.Qxe8+ Rxe8 24.Nxb4 cxb4 25.c5 f5 26.gxf5 gxf5 27.cxd6 cxd6 28.b3 fxe4
29.f4 Rd8 30.Rd5 Bc3 31.Rcd1 Rf6 32.g4 Rf7 33.Rxd6 Rxd6 34.Rxd6 Re7 35.Kf1 Kf7
36.Ra6 Rd7 37.Ke2 Bb2 38.Rxa7 Rxa7 39.Bxa7 Bc1 40.Be3 Bb2 41.Bd2 Bc3 42.a4 Ke6
43.a5  1-0

[Event "Lyon op"]
[Site "Lyon"]
[Date "1995.??.??"]
[Round "8"]
[White "Legky, Nikolay A"]
[Black "Shchekachev, Andrei"]
[Result "0-1"]
[WhiteElo "2505"]
[BlackElo "2465"]

1.d4 g6 2.c4 Nf6 3.Nc3 Bg7 4.e4 d6 5.Nf3 O-O 6.Be2 e5 7.d5 Nbd7 8.Be3 Ng4
9.Bd2 f5 10.exf5 gxf5 11.Ng5 Nc5 12.b4 e4 13.Bxg4 Nd3+ 14.Ke2 Bxc3 15.Bxc3 Qxg5
16.Bh3 f4 17.Bxc8 Raxc8 18.h4 Qg4+ 19.Kf1 Nxf2 20.Kxf2 Qg3+ 21.Kg1 Qxc3 22.Rh3 f3
23.gxf3 Rxf3 24.Rxf3 exf3 25.Kh1 Kh8 26.Qf1 f2 27.Rc1 Qe3 28.Rd1 Rg8  0-1

[Event "Madras zt (Women)"]
[Site "Madras"]
[Date "1995.??.??"]
[Round "1"]
[White "Bindu, Saritha K"]
[Black "Gokhale, Anupama"]
[Result "1-0"]
[WhiteElo "2090"]
[BlackElo "2145"]

1.d4 g6 2.c4 Nf6 3.Nc3 Bg7 4.e4 d6 5.Nf3 O-O 6.Be2 e5 7.O-O Na6 8.Be3 Ng4
9.Bg5 Qe8 10.dxe5 dxe5 11.h3 h6 12.Bd2 Nf6 13.Be3 Nd7 14.Qd2 Kh7 15.Ne1 c6
16.Rd1 Nac5 17.b4 Ne6 18.Nc2 Nf4 19.c5 Qe7 20.Bf3 Qh4 21.Ne2 g5 22.Bg4 Nf6
23.f3 Bxg4 24.hxg4 Rad8 25.Qe1 Rxd1 26.Qxd1 Rd8 27.Qe1 Qxe1 28.Rxe1 h5 29.gxh5 N6xh5
30.g4 Nxe2+ 31.Rxe2 Nf4 32.Rd2 Rxd2 33.Bxd2 Bf8 34.Ne3 b6 35.cxb6 axb6 36.Nc4 Nd3
37.Nxb6 Nxb4 38.Nd7 Bd6 39.Bxb4 Bxb4 40.Nxe5 c5 41.Nxf7 c4 42.Nxg5+ Kg6 43.Ne6 c3
44.Nf4+ Kg5 45.Nd3 c2 46.a4 Kh4 47.Kf1 Kg3 48.Ke2 Bc3 49.Ke3 Bb4 50.g5 Bc5+
51.Kd2 Bd4 52.g6 Bg7 53.a5  1-0

[Event "Madras zt"]
[Site "Madras"]
[Date "1995.??.??"]
[Round "4"]
[White "Amarawickrama, Himan Uddama"]
[Black "Al Sayed, Mahamad Naser"]
[Result "1-0"]
[WhiteElo "2000"]
[BlackElo "2000"]

1.d4 Nf6 2.c4 g6 3.Nc3 Bg7 4.e4 d6 5.Nf3 O-O 6.Be2 e5 7.d5 Nbd7 8.Be3 Nc5
9.Nd2 a5 10.g4 c6 11.h4 cxd5 12.cxd5 b6 13.h5 Ne8 14.Qc2 Nc7 15.g5 Rb8 16.Nb3 N7a6
17.f3 Nb4 18.Qd2 Bd7 19.Nb5 Qe7 20.Nxc5 bxc5 21.a4 Rfc8 22.Bc4 Bxb5 23.axb5 Ra8
24.Qh2 Bh8 25.Kd2 Rcb8 26.Ra3 Ra7 27.Qh3 Rba8 28.b3 Qd7 29.hxg6 Qxh3 30.gxf7+ Rxf7
31.Rxh3 Bg7 32.Be2 Bf8 33.Rh1 Be7 34.Rh6 Rg7 35.f4 exf4 36.Bxf4 Rxg5 37.Bxd6 Nxd5
38.Bc4 Kg7 39.Bxd5 Rxd5+ 40.exd5 Bg5+ 41.Kd3 Bxh6 42.b6  1-0

[Event "Madras zt"]
[Site "Madras"]
[Date "1995.??.??"]
[Round "5"]
[White "Amarawickrama, Himan Uddama"]
[Black "Abdul Rahim, Sameer"]
[Result "0-1"]
[WhiteElo "2200"]
[BlackElo "2300"]

1.d4 Nf6 2.Nf3 g6 3.c4 Bg7 4.Nc3 O-O 5.e4 d6 6.Be2 e5 7.d5 a5 8.Be3 Ng4 9.Bg5 f6
10.Bh4 h5 11.Nd2 Na6 12.h3 Nh6 13.f3 Bd7 14.g4 Nc5 15.Qc2 b6 16.Nf1 hxg4
17.fxg4 Nf7 18.O-O-O Bh6+ 19.Kb1 Bf4 20.Bg3 Kg7 21.Bxf4 exf4 22.Qd2 g5 23.Nh2 Qe7
24.Qd4 Rae8 25.Bf3 Ne5 26.Be2 Rh8 27.Nf3 Rh6 28.Nxe5 fxe5 29.Qf2 Reh8 30.Qg2 Kf6
31.Rh2 Rh4 32.Rdh1 R8h6 33.Bf3 Qh7 34.b3 Ke7 35.Kc2 Be8 36.Kd2 Nd7 37.Kc1 Nf6
38.Kb2 Bd7 39.Nb5 Kd8 40.Na7 Bxg4 41.Nc6+ Ke8  0-1

[Event "Maidenhead op"]
[Site "Maidenhead"]
[Date "1995.??.??"]
[Round "?"]
[White "Lawton, Geoffrey W"]
[Black "Cummings, David H"]
[Result "1-0"]
[WhiteElo "2385"]
[BlackElo "2375"]

1.d4 Nf6 2.Nf3 g6 3.c4 Bg7 4.Nc3 O-O 5.e4 d6 6.Be2 e5 7.d5 a5 8.Bg5 h6 9.Bh4 Na6
10.O-O Bd7 11.b3 Nc5 12.Nd2 Nfxe4 13.Bxd8 Nxc3 14.Qe1 Rfxd8 15.Nb1 Nxe2+
16.Qxe2 e4 17.Nd2 Bxa1 18.Rxa1 Re8 19.Qe3 Kh7 20.a3 f5 21.Qd4 b6 22.Re1 Nd3
23.Re3 Ne5 24.h3 g5 25.Nb1 Rf8 26.Nc3 Rf7 27.Ne2 Re8 28.Nc3 Ra8 29.Kh2 g4
30.Ne2 gxh3 31.Rxh3 f4 32.Rh5 Ng4+ 33.Kg1 Re8 34.f3 exf3 35.gxf3 Ne3 36.Nxf4 Nf5
37.Qd3 Re3 38.Qc2 Rxf3 39.Ne6 Rg3+ 40.Kf2 Rc3 41.Qe4 Re3 42.Rxf5  1-0

[Event "Maidenhead op"]
[Site "Maidenhead"]
[Date "1995.??.??"]
[Round "?"]
[White "Lawton, Geoffrey W"]
[Black "Dearing, Eddie"]
[Result "1-0"]
[WhiteElo "2385"]
[BlackElo "2015"]

1.d4 Nf6 2.c4 g6 3.Nc3 Bg7 4.e4 d6 5.Be2 O-O 6.Nf3 e5 7.d5 Nbd7 8.Be3 a5
9.Nd2 Ne8 10.O-O f5 11.f3 f4 12.Bf2 h5 13.a3 g5 14.b4 Rf6 15.c5 Rg6 16.c6 Nf8
17.cxb7 Bxb7 18.bxa5 Bc8 19.g4 fxg3 20.hxg3 g4 21.fxg4 Bxg4 22.Bxg4 Rxg4
23.Nc4 Qg5 24.Qf3 Ng6 25.Ra2 Nf6 26.Be3 Rxg3+ 27.Rg2 Rxg2+ 28.Qxg2 Qxg2+
29.Kxg2 Ng4 30.Bg1 Nf4+ 31.Kh1 Bh6 32.Nb5 Ne2 33.Rb1 Rf8 34.a6 h4 35.Re1 Nf4
36.Ne3 Nf6 37.Nf5 Bg5 38.Nxc7 Nd3 39.Rd1 Nb2 40.Rb1 Nxe4 41.Rxb2 Rxf5 42.a7 h3
43.a8=Q+ Kh7 44.Rb3 Rf1 45.Rxh3+  1-0

[Event "Mainz op"]
[Site "Mainz"]
[Date "1995.??.??"]
[Round "9"]
[White "Arbakov, Valentin"]
[Black "Timoshenko, Georgy"]
[Result "1-0"]
[WhiteElo "2500"]
[BlackElo "2555"]

1.Nf3 Nf6 2.c4 g6 3.Nc3 Bg7 4.d4 O-O 5.e4 d6 6.Be2 e5 7.d5 a5 8.h3 Na6 9.Bg5 Qe8
10.Nd2 Kh8 11.h4 Ng8 12.h5 f5 13.Nf3 Bh6 14.Qd2 f4 15.Bxh6 Nxh6 16.hxg6 Qxg6
17.O-O-O Ng4 18.Bd3 Nc5 19.Bc2 Bd7 20.Rdg1 Qf6 21.Rh5 Rg8 22.Rgh1 Rg7 23.b3 Qe7
24.R5h4 Nf6 25.Ne1 Rb8 26.Qe2 c6 27.f3 Be8 28.Kb2 Bg6 29.Rh6 Qc7 30.Nd3 Qb6
31.Nxf4 exf4 32.e5 Re8 33.Bxg6 Rxe5 34.Qc2 Qc7 35.dxc6 bxc6 36.Qd2 Rg5 37.Bc2 Qe7
38.Qxf4 Ncd7 39.g4 d5 40.cxd5 cxd5 41.Bf5 Ne5 42.Kb1 Ned7 43.Qd4 Qb4 44.Rd1 Qf8
45.Nxd5 Nxd5 46.Qxd5 a4 47.Rdh1 Qe7 48.Qa8+  1-0

[Event "CRO-chT"]
[Site "Makarska Tucepi"]
[Date "1995.??.??"]
[Round "?"]
[White "Tukmakov, Vladimir B"]
[Black "Muse, Mladen"]
[Result "1-0"]
[WhiteElo "2600"]
[BlackElo "2445"]

1.d4 Nf6 2.Nf3 g6 3.c4 Bg7 4.Nc3 O-O 5.e4 d6 6.Be2 e5 7.d5 c5 8.Nd2 h6 9.h4 Nh7
10.h5 Ng5 11.Nf3 Nxf3+ 12.Bxf3 g5 13.Bg4 Nd7 14.Qe2 Nb6 15.Bxc8 Nxc8 16.g4 Bf6
17.Bd2 Qd7 18.Rh3 Bd8 19.Nd1 a6 20.Ra3 Ra7 21.Rb1 b5 22.b4 cxb4 23.Rxb4 Bb6
24.Rb1 bxc4 25.Rc3 Rb7 26.Rbc1 Ba5 27.Rxc4 Bxd2+ 28.Kxd2 Nb6 29.Rc6 Ra8 30.Ne3 Na4
31.Ke1 Rb2 32.Qf3 Nc5 33.Nf5 Qa7 34.Nxh6+ Kf8 35.R1xc5 dxc5 36.Qf6  1-0

[Event "CRO-chT"]
[Site "Makarska Tucepi"]
[Date "1995.??.??"]
[Round "?"]
[White "Cvitan, Ognjen"]
[Black "Jurkovic, Ante"]
[Result "1/2-1/2"]
[WhiteElo "2510"]
[BlackElo "2330"]

1.d4 Nf6 2.c4 g6 3.Nc3 Bg7 4.e4 d6 5.Be2 O-O 6.Nf3 e5 7.d5 a5 8.Bg5 h6 9.Bh4 Na6
10.Nd2 Bd7 11.O-O Qe8 12.b3 Nh7 13.a3 Bf6 14.Bxf6 Nxf6 15.Rb1 Nc5 16.Qc2 Kg7
17.b4 axb4 18.axb4 Na4 19.Ra1 Nxc3 20.Qxc3 Qe7 21.c5 Kh7 22.c6 bxc6 23.dxc6 Bg4
24.Bxg4 Nxg4 25.f3 Nf6 26.Nc4 Rxa1 27.Rxa1 d5 28.exd5 Nxd5 29.Qxe5 Qxe5 30.Nxe5 Nxb4
31.Ra7 Nd5  1/2-1/2

[Event "CRO-chT"]
[Site "Makarska Tucepi"]
[Date "1995.??.??"]
[Round "?"]
[White "Nikolac, Juraj"]
[Black "Cvitan, Ognjen"]
[Result "1/2-1/2"]
[WhiteElo "2460"]
[BlackElo "2510"]

1.d4 Nf6 2.c4 g6 3.Nc3 Bg7 4.e4 d6 5.Be2 O-O 6.Nf3 e5 7.d5 a5 8.Bg5 h6 9.Bh4 Na6
10.O-O Qe8 11.Nd2 Nh7 12.a3 Bd7 13.Kh1 h5 14.f3 Bh6 15.b3 Be3 16.Rb1 c6 17.b4 axb4
18.axb4 c5 19.b5 Nb4 20.Nb3 f5 21.Ra1 Nf6 22.exf5 Bxf5 23.Rxa8 Qxa8 24.Bxf6 Rxf6
25.Nd2 Rf8 26.Nde4 Bd4 27.Qc1 Qd8 28.Qh6 Bxc3  1/2-1/2

[Event "Manresa op"]
[Site "Manresa"]
[Date "1995.??.??"]
[Round "6"]
[White "Oms Pallise, Josep"]
[Black "Lecha Rosquilla, Eduard"]
[Result "1-0"]
[WhiteElo "2345"]
[BlackElo "2250"]

1.Nf3 Nf6 2.c4 g6 3.Nc3 Bg7 4.e4 d6 5.d4 O-O 6.Be2 e5 7.O-O Nbd7 8.Qc2 exd4
9.Nxd4 Re8 10.Rd1 c6 11.Bg5 Qc7 12.Rac1 Nc5 13.f3 Nh5 14.Nb3 Nxb3 15.axb3 Qb6+
16.Kh1 Be5 17.Qd2 Qxb3 18.f4 Bf6 19.f5 Be5 20.Bxh5 gxh5 21.Bf4 f6 22.Bxe5 dxe5
23.Qh6 Qb4 24.c5 Rf8 25.g4 hxg4 26.Rg1 Kf7 27.Rxg4 Ke8 28.Rg7 Rf7 29.Rxf7 Kxf7
30.Qxh7+ Kf8 31.Rg1 Qxc5 32.Qh8+  1-0

[Event "Manresa op"]
[Site "Manresa"]
[Date "1995.??.??"]
[Round "7"]
[White "Kalesis, Nikolaos"]
[Black "Baron, J."]
[Result "0-1"]
[WhiteElo "2420"]
[BlackElo "2305"]

1.d4 Nf6 2.c4 g6 3.Nc3 Bg7 4.e4 d6 5.Nf3 O-O 6.Be2 e5 7.Be3 Na6 8.O-O Ng4
9.Bg5 Qe8 10.dxe5 dxe5 11.h3 h6 12.Bd2 Nf6 13.Be3 Nh5 14.c5 Nf4 15.Bxa6 bxa6
16.Re1 Rb8 17.Rb1 g5 18.Nh2 Be6 19.Nf1 f5 20.Ng3 fxe4 21.Ngxe4 Qg6 22.f3 Rbd8
23.Qa4 Nxg2 24.Kxg2 Qh5 25.Qc2 Rxf3 26.Kg1 Qxh3 27.Nd1 Qg4+ 28.Qg2 Qxe4 29.Nf2 Qf5
30.c6 Rxe3  0-1

[Event "Manresa"]
[Site "Manresa"]
[Date "1995.??.??"]
[Round "9"]
[White "Giorgadze, Giorgi"]
[Black "Spraggett, Kevin"]
[Result "1-0"]
[WhiteElo "2605"]
[BlackElo "2530"]

1.d4 Nf6 2.c4 g6 3.Nc3 Bg7 4.e4 d6 5.Nf3 O-O 6.Be2 e5 7.Be3 c6 8.d5 Ng4 9.Bg5 f6
10.Bh4 Na6 11.Nd2 Nh6 12.f3 Nf7 13.a3 Bh6 14.Bf2 f5 15.b4 c5 16.Nb3 b6 17.O-O Bg5
18.b5 Nc7 19.a4 Bh4 20.a5 Rb8 21.axb6 axb6 22.Ra7 Ne8 23.exf5 gxf5 24.Bxh4 Qxh4
25.f4 exf4 26.Qd2 Ne5 27.Rxf4 Qd8 28.Bd3 Ng7 29.Ne2 Rb7 30.Rxb7 Bxb7 31.Rf1 Qf6
32.Nf4 Bc8 33.Be2 Bd7 34.Ra1 Bc8 35.Ra7 Nd7 36.h3 Qe5 37.Bf3 Nf6 38.Nd3 Qe8
39.Qg5 Rf7 40.Ra8 Rf8 41.Nd2 Qe7 42.Nf1 Qb7 43.Ra1 Ne4 44.Qf4 Qe7 45.Re1 Qa7
46.Bxe4 fxe4 47.Qxe4 Bf5 48.Qe2 Bg6 49.Nf2 Qa5 50.Qd2 Qb4 51.Qc1 Re8 52.Rxe8+ Nxe8
53.Ng4 Qb1 54.Qxb1 Bxb1 55.Nd2 Bc2 56.Kf2 Kf7 57.Ke3 Ng7 58.Nf2 Nf5+ 59.Kf4 Nh4
60.g3 Ng6+ 61.Kg5 Ne5 62.Ng4 Nxg4 63.Kxg4 Kg6 64.Kf4 Kh5 65.Ne4 Bxe4 66.Kxe4 h6
67.Kf4  1-0

[Event "Capablanca mem-B"]
[Site "Matanzas"]
[Date "1995.??.??"]
[Round "9"]
[White "Alvarez, Jose"]
[Black "Rabelo Gil, Eddy"]
[Result "1-0"]
[WhiteElo "2345"]
[BlackElo "2395"]

1.d4 Nf6 2.Nf3 g6 3.c4 Bg7 4.Nc3 O-O 5.e4 d6 6.Be2 e5 7.d5 a5 8.Bg5 h6 9.Bh4 Na6
10.O-O Qe8 11.Nd2 Nh7 12.Kh1 h5 13.f3 Bh6 14.a3 Bd7 15.Qc2 Be3 16.Nb5 Qb8
17.Rfd1 c6 18.Nf1 Bc5 19.Nc3 Re8 20.Qd2 Qa7 21.Bd3 Nc7 22.Rac1 Rab8 23.Rc2 Kg7
24.f4 exf4 25.Qxf4 b5 26.Rf2 Rf8 27.e5 cxd5 28.Nxd5 Nxd5 29.cxd5 Bg4 30.Rc1 dxe5
31.Qxe5+ Kg8 32.Rfc2 Bd4 33.Qe7 Rb7 34.Rc7 Rxc7 35.Rxc7 Qa6 36.d6 Kg7 37.h3 Bf6
38.Bxf6+ Nxf6 39.hxg4 hxg4 40.Ne3 Qb6 41.Qxf6+  1-0

[Event "Capablanca mem"]
[Site "Matanzas"]
[Date "1995.??.??"]
[Round "9"]
[White "Van Wely, Loek"]
[Black "Becerra Rivero, Julio"]
[Result "1-0"]
[WhiteElo "2575"]
[BlackElo "2490"]

1.d4 Nf6 2.c4 g6 3.Nc3 Bg7 4.e4 d6 5.Nf3 O-O 6.Be2 e5 7.Be3 exd4 8.Nxd4 Re8
9.f3 c6 10.Qd2 d5 11.exd5 cxd5 12.O-O dxc4 13.Bxc4 a6 14.Rad1 b5 15.Bb3 Bb7
16.Bh6 Bxh6 17.Qxh6 Nbd7 18.Ne4 Qb6 19.Ng5 Re7 20.Kh1 Nf8 21.Rd2 Bd5 22.Bxd5 Nxd5
23.Ne4 Re5 24.Qh4 Rae8 25.Nb3 Nd7 26.Rfd1 N7f6 27.Nbc5 Kg7 28.h3 g5 29.Qg3 h6
30.h4 Nh5 31.Qh2 Ndf6 32.Rd6 Nxe4 33.Nxe4 Qe3 34.hxg5 hxg5 35.Qxh5 Rh8 36.Rg6+ fxg6
37.Rd7+  1-0

[Event "Capablanca mem-B"]
[Site "Matanzas"]
[Date "1995.??.??"]
[Round "12"]
[White "Alvarez, Jose"]
[Black "Armas, Jorge"]
[Result "1/2-1/2"]
[WhiteElo "2345"]
[BlackElo "2465"]

1.d4 Nf6 2.c4 g6 3.Nc3 Bg7 4.e4 O-O 5.Nf3 d6 6.Be2 e5 7.d5 Nbd7 8.Be3 Ng4
9.Bg5 f6 10.Bd2 Nh6 11.h3 Nf7 12.g4 a5 13.h4 Nc5 14.Rg1 Kh8 15.Be3 f5 16.gxf5 gxf5
17.exf5 Bxf5 18.Ng5 Nxg5 19.hxg5 Ne4 20.Nxe4 Bxe4 21.Bd3 Bf3 22.Qc2 Qe8 23.Be4 Bxe4
24.Qxe4 Qg6 25.Qxg6 hxg6  1/2-1/2

[Event "Fide Mercenarios 2nd"]
[Site "MEX"]
[Date "1995.??.??"]
[Round "?"]
[White "Calderin, Roberto"]
[Black "Norgaard, Jesper"]
[Result "1-0"]
[WhiteElo "2450"]
[BlackElo "2330"]

1.d4 Nf6 2.Nf3 g6 3.c4 Bg7 4.Nc3 d6 5.e4 O-O 6.Be2 Nbd7 7.O-O e5 8.Re1 c6
9.Bf1 a5 10.Rb1 Re8 11.d5 Nc5 12.b3 Bd7 13.a3 cxd5 14.cxd5 b5 15.b4 axb4
16.Rxb4 Qa5 17.Nd2 Na4 18.Rb3 Nc5 19.Rb4 Na6 20.Rb3 Reb8 21.Qf3 Ne8 22.Rb1 Rc8
23.Bb2 Nc5 24.Qe3 Bf6 25.Nxb5 Na4 26.Ba1 Rcb8 27.Nc4 Qa6 28.Nc3 Rxb1 29.Rxb1 Nxc3
30.Bxc3  1-0

[Event "Fide Mercenarios 2nd"]
[Site "MEX"]
[Date "1995.??.??"]
[Round "?"]
[White "Martin del Campo, Jorge"]
[Black "Calderin, Roberto"]
[Result "0-1"]
[WhiteElo "2180"]
[BlackElo "2450"]

1.d4 g6 2.c4 Bg7 3.e4 d6 4.Nc3 Nf6 5.Nf3 O-O 6.Be2 e5 7.O-O Nbd7 8.Qc2 Qe7
9.Rd1 Re8 10.d5 Nh5 11.g3 Ndf6 12.Rb1 Ng4 13.Nh4 Nf4 14.Bf1 Nh6 15.Bxf4 exf4
16.Bg2 f5 17.Re1 fxg3 18.fxg3 f4 19.Rf1 fxg3 20.hxg3 Ng4 21.Rbe1 Bd4+ 22.Kh1 Qe5
23.Rf3 Bf2 24.Re2 Bxg3 25.Nf5 Bf4 26.Bh3 gxf5 27.exf5 Ne3 28.Qc1 Bxf5 29.Qg1+ Bg6
30.Qf2 Qh5 31.Kg1 Ng4 32.Qd4 Rxe2 33.Qxf4 Re1+ 34.Kg2 Ne5 35.Be6+ Nf7 36.Kf2 Rxe6
37.dxe6 Ne5 38.Nd5 Qxf3+  0-1

[Event "Fide Mercenarios 7th"]
[Site "MEX"]
[Date "1995.??.??"]
[Round "2"]
[White "Russek, Guil"]
[Black "Calderin, Roberto"]
[Result "0-1"]
[WhiteElo "2350"]
[BlackElo "2445"]

1.e4 c6 2.d4 g6 3.Nf3 Bg7 4.c4 d6 5.Nc3 Nf6 6.Be2 O-O 7.O-O e5 8.dxe5 dxe5
9.Qxd8 Rxd8 10.Be3 Re8 11.Nd2 Ng4 12.Bxg4 Bxg4 13.f3 Be6 14.b4 Nd7 15.Rfc1 Bf8
16.Rab1 a5 17.bxa5 Reb8 18.Rc2 Rxa5 19.Kf1 Nc5 20.Ke2 Ra3 21.Nd1 Bc8 22.Nb3 Ne6
23.g3 Rba8 24.Rbb2 f5 25.Nf2 f4 26.Bc1 g5 27.Nd3 c5 28.Nxe5 Bg7 29.Nd3 fxg3
30.hxg3 Bxb2 31.Bxb2 Rxa2 32.Ndxc5 Nxc5 33.Nxc5 b6 34.Nd3 Ba6 35.Ne5 Rc8
36.Kd3 b5 37.c5 b4+ 38.Ke3 Rd8 39.Rh2 b3 40.c6 Rd1 41.c7 Rc1 42.Nd3 Rxc7
43.Nb4 Rc3+ 44.Bxc3 Rxh2 45.Nxa6 h5 46.Nc5 Rc2 47.Na4 h4 48.gxh4 gxh4 49.Be5 Ra2
50.Nc3 Ra5 51.Bh2 h3 52.Kd3 Ra3  0-1

[Event "Fide Mercenarios 6th"]
[Site "MEX"]
[Date "1995.??.??"]
[Round "6"]
[White "Hack, Bolivar"]
[Black "Araiza Munoz, Victor Fernando"]
[Result "1/2-1/2"]
[WhiteElo "2015"]
[BlackElo "2015"]

1.d4 Nf6 2.c4 g6 3.Nc3 Bg7 4.e4 d6 5.Nf3 O-O 6.Be2 Nbd7 7.O-O e5 8.Bg5 Re8
9.d5 h6 10.Bh4 g5 11.Bg3 Nc5 12.Nd2 a5 13.a3 a4 14.f3 Bd7 15.b4 axb3 16.Nxb3 Na4
17.Qd2 Nh5 18.Bf2 Nf4 19.Nxa4 Bxa4 20.Rfb1 b6 21.Bd1  1/2-1/2

[Event "Mlada Boleslav op"]
[Site "?"]
[Date "1995.??.??"]
[Round "?"]
[White "Pachmann, Ales"]
[Black "Smejkal, Jan"]
[Result "0-1"]
[WhiteElo "2250"]
[BlackElo "2520"]

1.e4 g6 2.d4 Bg7 3.c4 d6 4.Nc3 Nf6 5.Nf3 O-O 6.Be2 Nbd7 7.O-O e5 8.Re1 c6
9.Bf1 Qe7 10.Bg5 h6 11.Bh4 Re8 12.d5 c5 13.Nd2 h5 14.Nb5 Nf8 15.f4 Bg4 16.Qb3 exf4
17.e5 dxe5 18.Ne4 N8h7 19.d6 Qd7 20.Bxf6 Nxf6 21.Nxc5 Qc6 22.Nd3 Rad8 23.Nc7 Rf8
24.Nxe5 Qxd6 25.Qxb7 Qd4+ 26.Kh1 Rb8 27.Qc6 Rb6 28.Qa4 Ne4 29.Nxg4 hxg4 30.h3 Nf2+  0-1

[Event "Mlada Boleslav op"]
[Site "?"]
[Date "1995.??.??"]
[Round "?"]
[White "Gross, Stefan"]
[Black "Carlsson, Daniel"]
[Result "0-1"]
[WhiteElo "2350"]
[BlackElo "2125"]

1.Nf3 g6 2.c4 Bg7 3.d4 Nf6 4.Nc3 O-O 5.e4 d6 6.Be2 e5 7.Be3 exd4 8.Nxd4 Re8
9.f3 c6 10.O-O d5 11.cxd5 cxd5 12.Qb3 Nc6 13.Rad1 Qe7 14.Bb5 dxe4 15.Nxc6 bxc6
16.Bxc6 exf3 17.Rfe1 Be6 18.Qa3 Qxa3 19.bxa3 Ng4 20.Ne4 Nxe3 21.Rxe3 Red8
22.Nd6 Rac8 23.Bxf3 Rc3 24.Rxc3 Bxc3 25.Nb5 Ba5 26.Rxd8+ Bxd8 27.Kf1 Bb6
28.Nc3 Bd4 29.Nd5 Kg7 30.Ke2 h5 31.Kd3 Be5 32.h3 Kh6 33.a4 Bd7 34.Nc3 Kg5
35.a5 Bf5+ 36.Kc4 Bxc3 37.Kxc3 Kf4 38.Bd5 Be6 39.Bc6 h4 40.Kb4 Bf5 41.Bd5 g5
42.Bxf7 Be4 43.Be6 Bxg2 44.Kb5 Bf3  0-1

[Event "Mondariz"]
[Site "Mondariz"]
[Date "1995.??.??"]
[Round "5"]
[White "Franco Ocampo, Zenon"]
[Black "Glavina, Pablo"]
[Result "1/2-1/2"]
[WhiteElo "2490"]
[BlackElo "2400"]

1.c4 g6 2.e4 Bg7 3.d4 d6 4.Be2 Nf6 5.Nc3 O-O 6.Nf3 e5 7.O-O Na6 8.Re1 c6
9.Bf1 Bg4 10.d5 Nb4 11.Be2 a5 12.h3 Bd7 13.Bf1 Ne8 14.a3 Na6 15.Rb1 c5 16.g3 f5
17.exf5 gxf5 18.Bg5 Bf6 19.Qd2 Kh8 20.Bg2 Rg8 21.h4 Bxg5 22.Nxg5 Qf6 23.Nb5 h6
24.Ne6 Rg4 25.Qxa5 f4 26.Qc3 Bxb5 27.cxb5 Nac7 28.Qf3 Rg8 29.Qd3 Ra5 30.b4 c4
31.Qxc4 Nxe6 32.dxe6 Rxa3 33.Rb3 Rxb3 34.Qxb3 Nc7 35.Qd3 Nxe6 36.Kh2 Nd4
37.Rf1 b6 38.Rc1 Qf7 39.Qe4 fxg3+ 40.fxg3 Qf2 41.Rc3 Ne2 42.Rf3 Qg1+ 43.Kh3 Qe1
44.Kh2 Rxg3 45.Rf8+ Kg7 46.Qb7+ Kxf8 47.Qc8+ Ke7  1/2-1/2

[Event "Moscow (Women)"]
[Site "Moscow"]
[Date "1995.??.??"]
[Round "?"]
[White "Sidorova, Elena"]
[Black "Lymar, Irina"]
[Result "1/2-1/2"]
[WhiteElo "2055"]
[BlackElo "2185"]

1.d4 Nf6 2.c4 g6 3.Nc3 Bg7 4.e4 d6 5.Nf3 O-O 6.Be2 e5 7.d5 a5 8.Bg5 h6 9.Bh4 Na6
10.O-O Qe8 11.Nd2 Nh7 12.Rb1 Bd7 13.b3 h5 14.f3 Bh6 15.Bf2 Qe7 16.Qc2 h4
17.Rfd1 Bf4 18.a3 Qg5 19.Bf1 Nf6 20.Ne2 Be3 21.Qc3 Bxf2+ 22.Kxf2 Nc5 23.b4 axb4
24.axb4 Na4 25.Qe3 Nh7 26.Rdc1 f5 27.c5 Qxe3+ 28.Kxe3 Nf6 29.h3 fxe4 30.fxe4 Bb5
31.Nf3 Nh5 32.Nxh4 Rxf1 33.Rxf1 Bxe2 34.Kxe2 Nc3+ 35.Ke3  1/2-1/2

[Event "Moscow1"]
[Site "Moscow"]
[Date "1995.??.??"]
[Round "?"]
[White "Nesterov, Aleksandar"]
[Black "Zakharevich, Igor"]
[Result "1/2-1/2"]
[WhiteElo "2205"]
[BlackElo "2425"]

1.Nf3 Nf6 2.c4 g6 3.Nc3 Bg7 4.e4 d6 5.d4 O-O 6.Be2 e5 7.dxe5 dxe5 8.Qxd8 Rxd8
9.Bg5 Rf8 10.Nd5 Nxd5 11.cxd5 c6 12.Bc4 b5 13.Bb3 Bb7 14.Rc1 a5 15.a3 a4
16.Ba2 Rc8 17.Be3 h6 18.Ke2 Na6 19.dxc6 Bxc6 20.Nd2 Bb7  1/2-1/2

[Event "Moscow-ch op"]
[Site "Moscow"]
[Date "1995.??.??"]
[Round "1"]
[White "Shipov, Sergei"]
[Black "Potapenko, A."]
[Result "0-1"]
[WhiteElo "2510"]
[BlackElo "2280"]

1.d4 Nf6 2.c4 g6 3.Nc3 Bg7 4.e4 d6 5.Be2 O-O 6.Nf3 e5 7.Be3 Ng4 8.Bg5 f6
9.Bh4 Qe8 10.O-O a5 11.c5 dxc5 12.dxe5 c6 13.Na4 Nd7 14.e6 Qxe6 15.Nd2 Nge5
16.f4 Nf7 17.Qc2 b6 18.Rad1 Kh8 19.Nc4 Rb8 20.f5 Qe7 21.fxg6 hxg6 22.Bg3 Nfe5
23.Bxe5 fxe5 24.Rxf8+ Bxf8 25.Bg4 b5 26.Nxa5 Ra8 27.Nxc6 Qg5 28.Bxd7 Bxd7
29.Rxd7 Rxa4 30.Rd8 Rc4 31.Qe2 Rc1+ 32.Rd1 Rxd1+ 33.Qxd1 Qe3+ 34.Kh1 Qxe4
35.Nd8 c4 36.Qf1 Be7 37.Ne6 Qd3 38.Qe1 e4 39.h3  0-1

[Event "Moscow PCA-Intel qual"]
[Site "Moscow"]
[Date "1995.??.??"]
[Round "1"]
[White "Kozlov, V."]
[Black "Kazhgaleyev, Murtas"]
[Result "0-1"]
[WhiteElo "2420"]
[BlackElo "2495"]

1.d4 Nf6 2.c4 g6 3.Nc3 Bg7 4.e4 d6 5.Nf3 O-O 6.Be2 Na6 7.O-O e5 8.Be3 Ng4
9.Bg5 Qe8 10.h3 Nf6 11.dxe5 dxe5 12.Nd2 Nd7 13.a3 Ndc5 14.b4 Ne6 15.Be3 b6
16.c5 Nd4 17.Bc4 c6 18.cxb6 axb6 19.Nf3 Bb7 20.b5 Nc7 21.bxc6 Bxc6 22.Nd2 Rd8
23.Qb1 b5 24.Ba2 Kh8 25.Nb3 f5 26.f3 Qe7 27.Qb2 Qh4 28.Rae1 Nce6 29.Nd5 fxe4
30.fxe4 Rxf1+ 31.Rxf1 Qxe4 32.Nd2 Qh4 33.Bf2 Qh6 34.Ne3 Nf4 35.Ng4 Qg5 36.Bxd4 Ne2+
37.Kh2 Nxd4 38.Nf3 Nxf3+ 39.gxf3 Rd2+  0-1

[Event "Moscow op2"]
[Site "Moscow"]
[Date "1995.??.??"]
[Round "3"]
[White "Kiselev, Sergey"]
[Black "Isupov, Vladimir"]
[Result "1-0"]
[WhiteElo "2505"]
[BlackElo "2380"]

1.d4 Nf6 2.c4 g6 3.Nc3 Bg7 4.e4 d6 5.Nf3 O-O 6.Be2 e5 7.Be3 c6 8.d5 Ng4 9.Bg5 f6
10.Bh4 Na6 11.Rb1 c5 12.a3 Bd7 13.Nd2 h5 14.b4 Nh6 15.f3 b6 16.O-O Nf7 17.Bd3 Bh6
18.Qe2 Qe7 19.Kh1 Kg7 20.Bc2 Bg5 21.Bxg5 fxg5 22.Ba4 Bxa4 23.Nxa4 Qd7 24.Nc3 Nh6
25.Qd1 g4 26.Qa4 Qxa4 27.Nxa4 Rab8 28.Nc3 gxf3 29.Nxf3 Nf7 30.Nb5 Rb7 31.Nd2 Rd7
32.Kg1 Nh6 33.Nf3 Nf7 34.Rb2 Rc8 35.Nd2 Rf8 36.h4 Nh6 37.Nf3 Nf7 38.Ng5 Nxg5
39.hxg5 Rxf1+ 40.Kxf1 Nb8 41.bxc5 dxc5 42.Ke2 a6 43.Nc3 Rb7 44.Ke3 Nd7 45.a4 a5
46.Nb5 Rb8 47.Nc7 Rc8 48.d6 Rb8 49.g3 Kg8 50.Rb1 Rf8  1-0